Quizzes
Events
Quiz Creation
Community
Videos
Private Events
Remove Ads
Sign In
Join for FREE
Feedback
Dark Mode
Quiz Categories
Sports
Geography
Music
Movies
Television
Just For Fun
Miscellaneous
History
Literature
Language
Science
Gaming
Entertainment
Religion
Holiday
For Kids
Quiz Lab
Recent
Popular Today
Quiz Kudos Today
Editor Picks
Curator Picks
Quizzes by...
Day
Popularity
Type
Ratings
Length
Year
Community
Subscriptions
Recent Discussions
Orange Saloon
Badges
Playlists
Quests
Create
Leaderboards
Showdown
Live 5
Trivia Bingo
Activity
Puzzle Library
Sporcle Events
Private Events
Virtual Trivia
Globe League
Become a Host
Pub Owners
SporcleCon
Opinionation
Our Games
Videos
Blog
Mobile Apps
Partnerships
Remove Ads and Go Orange
Feedback
Sports
Athletes
MLB
NBA
NHL
NFL
Soccer
Sports Teams
WWE
NCAA
Football
Premier League
Basketball
Baseball
Hockey
Golf
Tennis
Cricket
Rugby
Auto Racing
Olympics
World Cup
Sports
Athletes
MLB
NBA
NHL
NFL
Soccer
Sports Teams
WWE
NCAA
Football
Premier League
Basketball
Baseball
Hockey
Golf
Tennis
Cricket
Rugby
Auto Racing
Olympics
World Cup
Random Quiz
Search Sporcle
×
Quiz Lab
Quiz Lab
Sports
star
Type in answers that appear in a list
Type in answers that appear in a list
Classic
Best Score? Go Orange.
Sports stars in Movies Stats
Can you name the Sports stars in Movies?
By
godpaul25
3m
18 Questions
1,709 Plays
1,709 Plays
1,709 Plays
Comments
Comments
Give Quiz Kudos
Give Quiz Kudos
-
- Ratings
hide this ad
Replay
Link that replays current quiz
Next Quiz
Link to next quiz in quiz playlist
You Got
0%
They Got
Avg Score
41%
Avg Friend Score
Upgrade to see
Score Distribution
Jump to the score distribution portion of the page
Score
0/18
Timer
03:00
0
Plays Today
Movie
Sports Star
% Correct
Kazaam
Shaquille O'Neal
85.4%
Ace Ventura: Pet Detective
Dan Marino
83%
Dodgeball: An Underdog Story
Lance Armstrong
82.9%
There's Something About Mary
Brett Favre
73%
The Hang Over
Mike Tyson
64.4%
Naked Gun: From the Files of Police Squad!
OJ Simpson
49.6%
Game of Death
Kareem Abdul Jabbar
38.7%
Mr. Deeds
John McEnroe
34.4%
Failure To Launch
Terry Bradshaw
33.6%
Movie
Sports Star
% Correct
Anger Management
Roger Clemens or Derek Jeter
33.3%
My Giant
Gheorghe Muresan
30%
Naked Gun: From the Files of Police Squad!
Reggie Jackson
29.2%
Police Academy
Bubba Smith
26%
Double Team
Dennis Rodman
25.5%
Conan The Destroyer
Wilt Chamberlain
22.9%
Broken Arrow
Howie Long
20.4%
Dumb and Dumber
Cam Neely
14.5%
Blazing Saddles
Alex Karras
4.5%
Quiz Playlist
Details
Report
Send in Message
Add To Playlist
Classic:
Type in answers that appear in a list
Last Updated: Oct 8, 2018
Quiz Scoreboard
CHALLENGE
Sign Up to Join the Scoreboard
Show All
Scores
Hide
Comments
May contain spoilers
Recently Published
NBA Finals Game Top Scorers (2010s)
by flibbidy
Sports
5m
Guess the 'R' Things in 3 Words
by MSUKent
Miscellaneous
3m
Actor to Badly Drawn Movie III
by MoMosMoProblems
Movies
5m
More to Explore
Quiz From the Vault
Featured Blog Post
Where Does Lost Luggage Go?
hide this ad
You Might Also Like...
Tags
League
star
Today's Top Quizzes in Sports
Browse Sports
hide this ad
Today's Top Quizzes in star
Browse star
Top Contributed Quizzes in Sports
1
Les joueurs à 100 buts en Ligue 1 Uber Eats
2
2022 World Cup Stars
3
2024 March Madness Bracket
4
Millionaire: NBA Finals Edition
5
Players with Multiple 50 Home Run Seasons
6
Nickname Match: Athletes VI
7
Criteria MLB: Left Handed Sluggers
8
Iconic Moments in Football - Multiple Choice
9
NFL MVPs ordered
10
First NBA MVP by Team
Explore More
Trending Topics
Crossword
Anime
Marvel
NBA
Harry Potter
Kpop
Disney
Country
Song
Pokémon
NFL
Puzzle
Soccer
WWE
The Office
hide this ad
More By:
godpaul25
Quiz
Plays
Rating
Category
Featured
Created
Not Quite The News
82,574
4.19
History
Jun 11, 2010
Galilean Moons of Jupiter
12,847
4.51
Science
Nov 7, 2009
Who's Number 1? Big 4 Sports
8,519
3.08
Sports
May 31, 2010
SI's 20 Top INDIVIDUAL Sports Rivalries
6,596
2.09
Sports
May 27, 2010
PAW Patrol Members
6,051
4.25
Television
Sep 22, 2013
Go to Creator's Profile
Score Distribution
Quiz Creator Spotlight
godpaul25
Follow
Send a Message
Quizzes Created
-
Created Quiz Play Count
-
More By This Creator
Popular Quizzes Today
1
Find the US States - No Outlines Minefield
2
Find the US States
3
The Countries of the World
4
10 Largest US States in Order
5
Find the Countries of Europe - No Outlines Minefield
6
US States
7
Guess the 'R' Things in 3 Words
8
NBA Finals Game Top Scorers (2010s)
More Sports Quizzes
Win The Premier League: 2000-01
Quiz Lab
Trending Quizzes
First Name TV: Leading Men
Match the Book to the Film II
3-Word Movies in 1 Word II
First Name TV: Leading Women Drama
Match the Book to the Film VI
Recently Updated
Women's Final Four Teams by Year
bhenderson79
Presidents Quartet II
eogle
Anything But Clue(do)
eogle
Anything But Oceanian Capitals
eogle
Anything But 7
eogle
Anything But Thing
eogle
Word Ladder: February 29
pecheneg
Song Title Questions
pecheneg
Women's NCAA Tournament #1 Seeds
pecheneg
Celebrity Mug Shots
pecheneg
Trending Topics
NBA
Crossword
Harry Potter
Anime
Kpop
Marvel
Disney
Soccer
WWE
Song
Pokémon
Country
Puzzle
NFL
The Office
Your Account Isn't Verified!
In order to create a playlist on Sporcle, you need to verify the email address you used during registration. Go to your
Sporcle Settings
to finish the process.
Report this User
Report this user for behavior that violates our
Community Guidelines
.
Details:
Send Report
Go to the Sporcle.com Mobile Site →
Comments